000 00262nam a2200097Ia 4500
008 230915s9999 xx 000 0 und d
050 _aTR897.7.U47
100 _aKATHERINE ULRICH
245 0 _aADOBE FLASH PROFESSIONAL CS5: FOR WINDOWS AND MACINTOSH
942 _cBK
999 _c205644
_d205644